Translate the Tigrinya - Statistics

General Stats
  • This quiz has been taken 9 times
  • The average score is 11 of 32
Answer Stats
Hint Answer % Correct
Blue ሰማያዊ
86%
Hello ሰላም
71%
Good Morning ከመይ ሓዲርኩም
57%
Red ቀይሕ
57%
Orange ኣራንሺ
57%
Yellow ብጫ
57%
Good Night ልዋም ለይቲ
43%
Good Afternoon ከመይ ውዒሎም (ኣቕድም ኣቢሉ)
43%
Good Evening ከመይ ኣምሽዮም (ዳሕራይ)
43%
Purple ሊሊ
43%
Pink ሮዛ ሕብሪ
43%
White ፃዕዳ
43%
Black ፀሊም
43%
Boy ወዲ
43%
Tigrinya ትግሪኛ
43%
Green ቆፅለዋይ
29%
Dark Grey ጸሊም ግራጭ
29%
Asia ኤስያ
29%
Africa ኣፍሪቃ
29%
Girl ጓል (ንእሽተይ)
29%
Woman ሰበይቲ
29%
Goodbye ሰላም ኩን
14%
Light Grey ፍኹስ ዝበለ ግራጭ
14%
Grey ሓሙዂሽቲ ሕብሪ
14%
North America ሰሜን ኣሜሪካ
14%
South America ደቡብ ኣሜሪካ
14%
Antarctica ኣንታርክቲካ
14%
Europe ኤውሮጳ
14%
Australia ኣውስትራልያ
14%
Man ሰብኣይ
14%
Lady ጓል (ዝዓበየ)
14%
Gentleman ለዋህ ሰብኣይ
14%
No matching quizzes found
Score Distribution
Percent of People with Each Score
Percentile by Number Answered
Your Score History
You have not taken this quiz